000 00770cam a22002413a 4500
001 13454
003 PGUSA
005 20140828083305.0
008 040914s2004||||xxu|||||s|||||000 1 eng d
040 _aPGUSA
_beng
042 _adc
050 4 _aPR
100 1 _aWatts-Dunton, Theodore,
_d1832-1914
245 1 0 _aAylwin
_h[electronic resource] /
_cTheodore Watts-Dunton
260 _bProject Gutenberg,
_c2004
500 _aIncludes Two Appendices: One Containing a Note on the Character of D'arcy; the Other a Key to the Story, Reprinted from Notes and Queries.
506 _aPublic domain in the USA.
516 _aElectronic text
653 _aFiction
830 0 _aProject Gutenberg
_v13454
856 4 0 _uhttp://www.gutenberg.org/ebooks/13454
942 _cEB
999 _c242709
_d242709